000
00308pam a2200157 a 4500
020
_c
041
_h
100
_a
Dr. A. B. Chakranarayan
245
_a
Concepts in Geology
250
_a
Ist
260
_c
1997
300
_a
300
653
_a
Geology
700
_a
Dr. U. D. Kulkarni
930
_a
1175
999
_c
247028
_d
247028